[Event "AUTO-INT-408"]
[Site "http://www.queenalice.com/game.php?id=274122"]
[Date "2007.9.19"]
[Round "2"]
[White "IMS"]
[Black "rom"]
[Result "1-0"]
[WhiteElo "2162"]
[BlackElo "1574"]

1. d4 d5 2. c4 dxc4 3. Nf3 Bf5 4. Nc3 c6 5. e4 Bg4 6. Bxc4 b5 7. Bxf7+ Kxf7 8.
Ng5+ Ke8 9. Qxg4 Nf6 10. Qe6 Qxd4 11. Qf7+ Kd7 12. Be3 Qc4 13. O-O-O+ Kc8 14.
Ne6 Na6 15. Rd8+ Kb7 16. Rd4 Nb4 17. Rxc4 bxc4 18. Nc5+ Kc7 19. Qxc4 a5 20. a3
e5 21. axb4 axb4 22. Qf7+ Kc8 23. Qb7+ Kd8 24. Qxa8+ Ke7 25. Qb7+ Ke8 26. Qxc6+
Kf7 27. Qe6+ Kg6 28. Nd5 Bxc5 29. Bxc5 Re8 30. Ne7+ Rxe7 31. Bxe7 h5 32. Bxf6
gxf6 33. Rd1 h4 34. Rd7 b3 35. Qf5+ Kh6 36. Rh7# 1-0

[Event "AUTO-INT-408"]
[Site "http://www.queenalice.com/game.php?id=274123"]
[Date "2007.9.19"]
[Round "2"]
[White "rom"]
[Black "IMS"]
[Result "0-1"]
[WhiteElo "1576"]
[BlackElo "2161"]

1. e4 c5 2. Nc3 Nc6 3. Nf3 a6 4. a3 e6 5. b4 cxb4 6. axb4 Bxb4 7. Ba3 Bxa3 8.
Rxa3 d6 9. Bb5 Bd7 10. d4 Rc8 11. d5 axb5 12. dxc6 Bxc6 13. Ra7 b4 14. Na4 Bxe4
15. Qd4 Nf6 16. Qxb4 O-O 17. c4 Qc7 18. c5 dxc5 19. Qxb7 Bxb7 20. Rxb7 Qxb7 21.
O-O Qb4 22. Ra1 Rfd8 23. g3 Ra8 24. Re1 Rxa4 25. h4 Ra2 26. Kg2 Ng4 27. Rf1 Ne3+
28. Kg1 Nxf1 29. Kg2 Ne3+ 30. Kh3 Rxf2 31. Ne5 Nf1 32. h5 Rh2# 0-1

[Event "AUTO-INT-408"]
[Site "http://www.queenalice.com/game.php?id=274128"]
[Date "2007.9.19"]
[Round "2"]
[White "rom"]
[Black "xavimg"]
[Result "0-1"]
[WhiteElo "1584"]
[BlackElo "1773"]

1. e4 e5 2. Nf3 Nc6 3. Nc3 Nf6 4. a3 d6 5. b4 Be7 6. Nd5 Be6 7. Bd3 O-O 8. b5
Na5 9. h3 Bxd5 10. exd5 e4 11. Bxe4 Nxe4 0-1

[Event "AUTO-INT-408"]
[Site "http://www.queenalice.com/game.php?id=274130"]
[Date "2007.9.19"]
[Round "2"]
[White "rom"]
[Black "kloosterveen"]
[Result "0-1"]
[WhiteElo "1572"]
[BlackElo "1957"]

1. e4 c5 2. d4 cxd4 3. Qxd4 Nc6 4. Qe3 d6 5. Nf3 g6 6. Nc3 Bg7 7. Bb5 Nf6 8. Nd5
O-O 9. b4 Ng4 10. Qg5 Bxa1 11. h3 Nf6 12. Qh4 e6 13. Nf4 Nxb4 14. O-O Nxe4 15.
Qxd8 Rxd8 16. Re1 d5 17. Nd3 Nxc2 18. Re2 Nd4 19. Nxd4 Bxd4 20. Bb2 Bxb2 21.
Rxb2 a6 0-1

[Event "AUTO-INT-408"]
[Site "http://www.queenalice.com/game.php?id=274131"]
[Date "2007.9.19"]
[Round "2"]
[White "kloosterveen"]
[Black "rom"]
[Result "1-0"]
[WhiteElo "1959"]
[BlackElo "1570"]

1. d4 d5 2. e3 Nf6 3. c4 e6 4. cxd5 Qxd5 5. Nc3 Bb4 6. Bd2 Bxc3 7. Bxc3 b5 8.
Nf3 Ne4 9. Ba5 Na6 10. Qc2 O-O 11. Bxc7 Nb4 12. Qe2 Qc4 13. Qxc4 bxc4 14. Ke2 c3
15. bxc3 Nxc3+ 16. Kd2 Ne4+ 17. Kc1 Bd7 18. Bg3 Rfc8+ 19. Kd1 Ba4+ 20. Ke2 Rc2+
21. Ke1 Rb2 22. Rc1 Nxa2 23. Ra1 Rc8 24. Bd3 f5 25. Ne5 1-0

[Event "Let's Play Chess!"]
[Site "http://www.queenalice.com/game.php?id=332031"]
[Date "2008.1.6"]
[Round "-"]
[White "CampbellMarcel"]
[Black "rom"]
[Result "0-1"]
[WhiteElo "1879"]
[BlackElo "1632"]

1. e4 e5 2. Nf3 d5 3. Nxe5 f6 4. Nd3 dxe4 5. Qe2 Qd4 6. Nf4 g5 7. Nh5 Nh6 8. c3
Qe5 9. Qb5+ Nd7 10. Qb3 Nc5 11. Qc2 Nd3+ 12. Ke2 Bg4+ 13. f3 Bxh5 14. Qa4+ b5
15. Qb3 Nxc1+ 16. Kf2 Nxb3 17. axb3 Bc5+ 18. d4 exd3# 0-1

[Event "AUTO-INT-744"]
[Site "http://www.queenalice.com/game.php?id=332199"]
[Date "2008.1.6"]
[Round "1"]
[White "gianfelippe"]
[Black "rom"]
[Result "0-1"]
[WhiteElo "1467"]
[BlackElo "1658"]

1. e4 e5 2. Nf3 d5 3. exd5 Qxd5 4. Nc3 Qe6 5. Bb5+ c6 6. Ba4 Bb4 7. O-O Nf6 8.
Bb3 Qf5 9. Qe2 O-O 10. Nxe5 Nbd7 11. Bxf7+ Kh8 12. Nxd7 Bxd7 13. Bb3 b5 14. d4
Rfe8 15. Be3 a5 16. a3 Bxc3 17. bxc3 Nd5 18. Bxd5 cxd5 19. g3 Rac8 20. Qd2 Qf3
21. Qd1 Qe4 22. f3 Qxe3+ 23. Kg2 Qxc3 24. Kh1 Bh3 25. Rf2 Rc4 26. Rb1 Rxd4 27.
Qg1 Re3 28. Rxb5 h6 29. Rb1 Rxf3 30. Rb3 Rxf2 31. Rxc3 Rf1 32. Re3 Rxg1+ 33.
Kxg1 Rd2 34. c3 Kh7 35. Re5 Kg6 36. a4 Kf6 37. Rh5 Bg4 38. Rh4 h5 39. h3 g5 40.
hxg4 gxh4 41. gxh5 hxg3 42. h6 Kg6 43. c4 dxc4 44. Kf1 Kxh6 45. Ke1 Ra2 46. Kf1
c3 47. Ke1 g2 48. Kd1 g1=R# 0-1

[Event "AUTO-INT-744"]
[Site "http://www.queenalice.com/game.php?id=332200"]
[Date "2008.1.6"]
[Round "1"]
[White "rom"]
[Black "gianfelippe"]
[Result "1-0"]
[WhiteElo "1605"]
[BlackElo "1427"]

1. e4 e5 2. d4 exd4 3. Qxd4 Nc6 4. Qd1 d6 5. Bb5 Nf6 6. Bg5 Be7 7. Qf3 O-O 8.
Nc3 Be6 9. Nge2 d5 10. O-O-O d4 11. Bxc6 bxc6 12. Rxd4 Bd6 13. e5 c5 14. Rxd6
cxd6 15. exf6 gxf6 16. Bxf6 Qc8 17. Qh5 Bg4 18. Qg5# 1-0

[Event "AUTO-INT-744"]
[Site "http://www.queenalice.com/game.php?id=332211"]
[Date "2008.1.6"]
[Round "1"]
[White "Miki"]
[Black "rom"]
[Result "0-1"]
[WhiteElo "1251"]
[BlackElo "1630"]

1. e4 e5 2. Nf3 Nc6 3. Bb5 d6 4. d4 exd4 5. Qxd4 a6 6. Bxc6+ bxc6 7. O-O d5 8.
Re1 Be7 9. Bg5 f6 10. Bd2 g5 11. Bb4 Bxb4 12. Qxb4 Ne7 13. exd5 O-O 14. dxc6
Nxc6 15. Qc5 Ne5 16. Nxe5 fxe5 17. Qxe5 Bb7 18. Nc3 Qd2 19. Rad1 Qxf2+ 20. Kh1
Qxg2# 0-1

[Event "AUTO-INT-744"]
[Site "http://www.queenalice.com/game.php?id=332219"]
[Date "2008.1.6"]
[Round "1"]
[White "rom"]
[Black "JOJOFOX"]
[Result "1-0"]
[WhiteElo "1589"]
[BlackElo "1598"]

1. e4 c5 2. Nf3 e6 3. Bc4 Nc6 4. a4 b6 5. Nc3 Be7 6. e5 Bb7 7. d4 cxd4 8. Nxd4
Nxd4 9. Qxd4 f6 10. Nb5 a6 11. exf6 Nxf6 12. Nd6+ Bxd6 13. Qxd6 Ne4 14. Qe5 O-O
15. f3 Rf5 16. Qxf5 Nf6 17. Bf4 Qe7 18. O-O-O d5 19. Rhe1 Re8 20. Qe5 dxc4 21.
Bg5 Bd5 22. Rxd5 Qf7 23. Rd6 Nd7 24. Qf4 Qxf4+ 25. Bxf4 1-0

[Event "AUTO-INT-744"]
[Site "http://www.queenalice.com/game.php?id=332220"]
[Date "2008.1.6"]
[Round "1"]
[White "JOJOFOX"]
[Black "rom"]
[Result "0-1"]
[WhiteElo "1625"]
[BlackElo "1614"]

1. e4 e5 2. Nf3 Nc6 3. Bb5 d6 4. d4 f6 5. dxe5 fxe5 6. Nc3 a6 7. Be2 Bg4 8. a3
b5 9. Nd5 Nf6 10. Bg5 h6 11. Nxf6+ gxf6 12. Be3 f5 13. Qd5 Qd7 14. O-O-O f4 15.
Nxe5 dxe5 16. Bxg4 Qxd5 17. Rxd5 fxe3 18. Bd7+ Ke7 19. Bxc6 Rb8 20. fxe3 Rb6 21.
Rd7+ Ke6 22. Rxc7 Bd6 23. Bd5+ Kf6 24. Rf1+ Kg6 25. Bf7+ Kg7 26. Bh5+ Bxc7 0-1

[Event "Challenge"]
[Site "http://www.queenalice.com/game.php?id=365239"]
[Date "2008.3.4"]
[Round "-"]
[White "rom"]
[Black "Coronado"]
[Result "1-0"]
[WhiteElo "1698"]
[BlackElo "1626"]

1. e4 e5 2. Nf3 Nc6 3. Bb5 Nf6 4. Nc3 Bc5 5. a3 Ng4 6. d4 Nxd4 7. Nxd4 h5 8. h3
Nxf2 9. Kxf2 Bxd4+ 10. Be3 Qh4+ 11. g3 Bxe3+ 12. Kxe3 Qxg3+ 13. Qf3 Qg5+ 14. Ke2
O-O 15. Rhg1 Qh4 16. Qg3 Qxg3 17. Rxg3 d6 18. Nd5 Be6 19. Nxc7 Rac8 20. Nxe6
fxe6 21. c3 d5 22. exd5 exd5 23. Rg5 a6 24. Bd7 Rc5 25. Rxe5 g6 26. Be6+ Kg7 27.
Bxd5 Kf6 28. Re6+ Kf5 29. Rf1+ Kg5 30. Re5+ Rf5 31. Rexf5+ gxf5 32. c4 b5 33. b4
Rc7 34. c5 Re7+ 35. Kf3 Rd7 36. Rg1+ Kf6 37. Bc6 Rd3+ 38. Kf4 Rxh3 39. Be8 Rh4+
40. Kf3 Rh3+ 41. Rg3 Rh1 42. c6 Rf1+ 43. Ke2 Rc1 44. Kd2 Rc4 45. Kd3 h4 46. Rh3
Ke7 47. Bd7 Kd6 48. Bxf5 Ke5 49. Bd7 Kd6 50. Kd2 Kc7 51. Rd3 Kb6 52. Rd6 Kc7 53.
Rh6 Rf4 54. Ke3 Rf1 55. Rh7 Kd8 56. Bh3 Rc1 57. Bg2 h3 58. Rxh3 Rc3+ 59. Kd4
Rc4+ 60. Kd5 Kc7 61. Rh7+ Kb6 62. Rb7# 1-0

[Event "AUTO-INT-744"]
[Site "http://www.queenalice.com/game.php?id=368216"]
[Date "2008.3.9"]
[Round "2"]
[White "yanpom"]
[Black "rom"]
[Result "1-0"]
[WhiteElo "2017"]
[BlackElo "1655"]

1. e4 e5 2. Nf3 Nc6 3. Bc4 Nf6 4. O-O Nxe4 5. Re1 d5 6. Bb5 Bc5 7. Bxc6+ bxc6 8.
d4 exd4 9. Nxd4 Qf6 10. Be3 O-O 11. c3 a5 12. Nf3 Bxe3 13. Rxe3 g5 14. Qd4 Qxd4
15. Nxd4 c5 16. Nb5 Rb8 17. Nxc7 Rxb2 18. Nxd5 Bb7 19. Rxe4 Bxd5 20. Re5 Rd8 21.
Rxg5+ Kf8 22. h3 Bxa2 23. Na3 Rdd2 24. f3 f6 25. Rg3 Be6 26. Re1 Rb3 27. Rxe6
Rxa3 28. Rxf6+ Ke7 29. Rh6 Rxc3 30. Rxh7+ Kd6 31. Rg6+ Kd5 32. Rd7+ Kc4 33. Rxd2
a4 34. h4 Rc1+ 35. Kf2 Kc3 36. Rd5 Kb3 37. Rb6+ Kc4 38. Rd2 a3 39. Ra2 Rc3 40.
h5 Rb3 41. Rxb3 Kxb3 42. Ra1 c4 43. h6 c3 44. h7 Kb2 45. Re1 a2 46. h8=Q a1=Q
47. Rxa1 Kxa1 48. Qxc3+ Ka2 49. Ke2 Kb1 50. Kd2 Ka2 51. Qb4 Ka1 52. Kc2 Ka2 53.
Qb2# 1-0

[Event "AUTO-INT-744"]
[Site "http://www.queenalice.com/game.php?id=368217"]
[Date "2008.3.9"]
[Round "2"]
[White "rom"]
[Black "yanpom"]
[Result "0-1"]
[WhiteElo "1666"]
[BlackElo "1801"]

1. e4 e5 2. Nf3 Nc6 3. Bb5 a6 4. Bc4 Bc5 5. a3 Nf6 6. b4 Bb6 7. Nc3 O-O 8. h3 d6
9. Bd5 Nxd5 10. Nxd5 Ba7 11. d3 h6 12. c3 Be6 13. a4 Bxd5 14. exd5 Ne7 15. c4 c5
16. dxc6 Nxc6 17. b5 axb5 18. axb5 Ne7 19. g4 Bxf2+ 20. Kxf2 Rxa1 21. g5 Qb6+
22. d4 exd4 23. Nxd4 Rxc1 24. Qxc1 Qxd4+ 25. Qe3 Qxe3+ 26. Kxe3 hxg5 27. h4 gxh4
28. Rxh4 Nf5+ 0-1

[Event "Challenge"]
[Site "http://www.queenalice.com/game.php?id=424128"]
[Date "2008.6.27"]
[Round "-"]
[White "pierjean"]
[Black "rom"]
[Result "0-1"]
[WhiteElo "1490"]
[BlackElo "1711"]

1. e4 d5 2. exd5 Qxd5 3. Nc3 Qd8 4. Nf3 Nf6 5. d4 e6 6. h3 Bb4 7. Bc4 O-O 8. Bf4
Bxc3+ 9. bxc3 c6 10. Bxb8 Rxb8 11. g4 h6 12. Qe2 b5 13. Bb3 a5 14. O-O a4 15.
Qe5 Ba6 16. Qc5 axb3 17. Qxc6 Rb6 18. Qc5 Qd5 19. Qxb6 Qxf3 20. Qxa6 Qxh3 21.
Rfe1 Nxg4 22. Qd6 e5 0-1

[Event "Dylan93"]
[Site "http://www.queenalice.com/game.php?id=473125"]
[Date "2008.10.5"]
[Round "4"]
[White "rom"]
[Black "pepeillo"]
[Result "0-1"]
[WhiteElo "1720"]
[BlackElo "1810"]

1. e4 e5 2. Nf3 d6 3. Nc3 a6 4. a4 Bg4 5. h3 Bxf3 6. Qxf3 Nf6 7. g4 h6 8. Bc4
Nc6 9. Nd5 Nd4 10. Nxf6+ Qxf6 11. Qxf6 gxf6 12. Kd1 O-O-O 13. c3 Nf3 14. b4 Ng5
15. d3 c6 16. h4 Ne6 17. a5 d5 18. exd5 cxd5 19. Bb3 Rg8 20. d4 exd4 21. cxd4
Rxg4 22. Be3 Nxd4 23. Bxd4 Rxd4+ 24. Ke1 Bxb4+ 25. Kf1 Rd2 0-1